tom brady quiz - Statistics

General Stats
  • This quiz has been taken 721 times
  • The average score is 6 of 7
Answer Stats
Hint Answer % Correct
MVP awards 1
99%
tom bradys team patriots
97%
bradys number 12
96%
#of super bowl wins 5
95%
year picked 2000
89%
super bowl 51 opponents falcons
88%
points made in super bowl 51 34
75%
No matching quizzes found
Score Distribution
Percent of People with Each Score
Percentile by Number Answered
Your Score History
You have not taken this quiz